ARRUPE JESUIT UNIVERSITY

CORONAVIRUS -STOP THE SPREAD - CLEAN,DISINFECT,COVER

Mary Mother of the Redemption (Record no. 6801)

MARC details
000 -LEADER
fixed length control field 00518nam a2200193Ia 4500
003 - CONTROL NUMBER IDENTIFIER
control field 0100
008 - FIXED-LENGTH DATA ELEMENTS--GENERAL INFORMATION
fixed length control field 130227s9999 xx 000 0 und d
040 ## - CATALOGING SOURCE
Transcribing agency ARRUPELIB
050 ## - LIBRARY OF CONGRESS CALL NUMBER
Classification number BV61 .S373
100 ## - MAIN ENTRY--PERSONAL NAME
Personal name Schillebeecky, E O.P.
9 (RLIN) 27751
245 ## - TITLE STATEMENT
Title Mary Mother of the Redemption
Remainder of title the religious bases of the mystery of Mary.
Statement of responsibility, etc E. Schillebeeckx
260 ## - PUBLICATION, DISTRIBUTION, ETC. (IMPRINT)
Place of publication, distribution, etc London.
Name of publisher, distributor, etc Sheed and Ward.
Date of publication, distribution, etc 1964
300 ## - PHYSICAL DESCRIPTION
Extent x
300 ## - PHYSICAL DESCRIPTION
Other physical details 224p. 18cm.
600 ## - SUBJECT ADDED ENTRY--PERSONAL NAME
Personal name Mary, Blessed Virgin
General subdivision Theology
9 (RLIN) 27752
942 ## - ADDED ENTRY ELEMENTS (KOHA)
Source of classification or shelving scheme Library of Congress Classification
Item type Monograph ( Printed materials)
Holdings
Withdrawn status Lost status Source of classification or shelving scheme Damaged status Not for loan Collection code Home library Current library Shelving location Date acquired Total Checkouts Full call number Barcode Date last seen Copy number Price effective from Koha item type
    Library of Congress Classification     Main Collection ARRUPE LIBRARY ARRUPE LIBRARY Main Collection 27/02/2013   BT613.S371 46500009489 27/02/2013 1 27/02/2013 Monograph ( Printed materials)
    Library of Congress Classification     Main Collection ARRUPE LIBRARY ARRUPE LIBRARY Main Collection 09/05/2019   BV61 .S373 46409432 09/05/2019   09/05/2019 Monograph ( Printed materials)

 

Arrupe Library. PO Box MP320 Mt Pleasant, Harare, Zimbabwe
263 242 745411|librarian@aju.ac.zw